[Event "Challenge"]
[Site "http://www.queenalice.com/game.php?id=115564"]
[Date "2006.10.11"]
[Round "-"]
[White "marina"]
[Black "RichardN"]
[Result "0-1"]
[WhiteElo "1115"]
[BlackElo "1383"]

1. a3 e5 2. Nh3 Bc5 3. a4 Nf6 4. e3 Nc6 5. g3 O-O 6. Bb5 d6 7. Bxc6 bxc6 8. Nc3
Bxh3 9. d3 Ng4 10. b3 Bb4 11. e4 Bxc3+ 12. Ke2 Bxa1 13. Rg1 Qf6 14. b4 Qxf2# 0-1

[Event "vou ganhar de vc huahauahu!!!"]
[Site "http://www.queenalice.com/game.php?id=115566"]
[Date "2006.10.11"]
[Round "-"]
[White "Felipvaz"]
[Black "marina"]
[Result "1-0"]
[WhiteElo "1281"]
[BlackElo "1075"]

1. Nf3 Na6 2. Nc3 h5 3. d4 Nf6 4. e4 d6 5. Bb5+ c6 6. Bc4 Be6 7. Ng5 Bd5 8. exd5
Nxd5 9. Nxd5 cxd5 10. Bb5+ Qd7 11. Bxd7+ Kxd7 12. Nxf7 g6 13. Nxh8 Kc6 14. Nxg6
e5 15. dxe5 dxe5 16. Nxe5+ Kb5 17. Qxd5+ Ka4 18. Qxb7 Bd6 19. Bf4 Bb4+ 20. c3
Nc5 21. Qxa8 Nd3+ 22. Kd2 Ka5 23. Kxd3 Bc5 24. Qd5 Ka4 25. Qxc5 a6 26. b3# 1-0

[Event "Challenge"]
[Site "http://www.queenalice.com/game.php?id=115567"]
[Date "2006.10.11"]
[Round "-"]
[White "marina"]
[Black "z3r0vulc4n"]
[Result "0-1"]
[WhiteElo "989"]
[BlackElo "1460"]

1. Nc3 e5 2. e3 Nc6 3. h3 Nb4 4. Nf3 d6 5. Nxe5 dxe5 6. Na4 Bd7 7. d3 Bxa4 8.
Bd2 Nd5 9. h4 Bb4 10. g3 c6 11. c3 Bxd1 12. cxb4 Ba4 13. g4 Ngf6 14. h5 Nxg4 15.
Bc1 Qf6 16. Bd2 Qxf2# 0-1

[Event "AUTO-OPEN-415"]
[Site "http://www.queenalice.com/game.php?id=115583"]
[Date "2006.10.11"]
[Round "1"]
[White "vila1"]
[Black "marina"]
[Result "1-0"]
[WhiteElo "1942"]
[BlackElo "1051"]

1. c4 Na6 2. g3 g6 3. Bg2 c6 4. e3 Nf6 5. Nc3 h6 6. Qc2 g5 7. Nge2 Bg7 8. O-O
Ng4 9. h3 b5 10. cxb5 Bb7 11. bxa6 Bxa6 12. hxg4 Be5 13. d4 Bxe2 14. Nxe2 f5 15.
dxe5 fxg4 16. Qg6+ Kf8 17. Qf5+ Kg7 18. Rd1 1-0

[Event "AUTO-OPEN-415"]
[Site "http://www.queenalice.com/game.php?id=115584"]
[Date "2006.10.11"]
[Round "1"]
[White "marina"]
[Black "vila1"]
[Result "0-1"]
[WhiteElo "1051"]
[BlackElo "1940"]

1. Na3 Nf6 2. d4 g6 3. h4 Bg7 4. Nh3 O-O 5. Nf4 d6 6. Nb5 c6 7. Nc3 Nbd7 8. Be3
d5 9. g4 Nxg4 10. Bh3 Ndf6 11. Bxg4 Nxg4 12. Na4 Nxe3 13. fxe3 h5 14. Nxh5 gxh5
15. Nc5 b6 16. Rh2 bxc5 17. dxc5 Bxb2 0-1

[Event "AUTO-OPEN-415"]
[Site "http://www.queenalice.com/game.php?id=115611"]
[Date "2006.10.11"]
[Round "1"]
[White "J_Ricardo"]
[Black "marina"]
[Result "1-0"]
[WhiteElo "1539"]
[BlackElo "1204"]

1. e4 Nf6 2. d3 a5 3. Bg5 d6 4. Nc3 h6 5. Bh4 Na6 6. a3 Nb4 7. axb4 Bf5 8. exf5
axb4 9. Nb5 g6 10. fxg6 e5 11. Rxa8 b6 12. Rxd8+ Kxd8 13. Bxf6+ Be7 14. Bxh8
fxg6 15. Qf3 Bh4 16. Bf6+ Kd7 17. Bxh4 h5 18. Nh3 Ke6 19. Be2 g5 20. Nxg5+ 1-0

[Event "tiélenje"]
[Site "http://www.queenalice.com/game.php?id=116846"]
[Date "2006.10.14"]
[Round "-"]
[White "maurojk"]
[Black "marina"]
[Result "1-0"]
[WhiteElo "1377"]
[BlackElo "1194"]

1. e4 Nf6 2. Nc3 b5 3. Nxb5 c6 4. Nc3 g6 5. d4 Na6 6. Nf3 e6 7. Bc4 d6 8. O-O g5
9. Nxg5 d5 10. exd5 cxd5 11. Bxa6 Bxa6 12. Re1 Bh6 13. Re5 Bxg5 14. Bxg5 Bf1 15.
Kxf1 Qa5 16. Bxf6 Qc5 17. dxc5 h6 18. Nb5 Rg8 19. Nc7+ Kd7 20. Nxa8 Rg4 21. Qxg4
d4 22. Qg7 a6 23. Qxf7+ Kc6 24. Qxe6+ Kb5 25. Nc7+ Kb4 26. Nxa6+ Ka5 27. Nc7 h5
28. Rxh5 Kb4 29. Bxd4 1-0

[Event "Xeque Voador"]
[Site "http://www.queenalice.com/game.php?id=117189"]
[Date "2006.10.15"]
[Round "-"]
[White "ThEZeUs"]
[Black "marina"]
[Result "1-0"]
[WhiteElo "1142"]
[BlackElo "1103"]

1. d4 Nf6 2. e4 Nxe4 3. Bd3 Nxf2 4. Kxf2 e6 5. Nf3 Nc6 6. c3 h6 7. Be3 Bd6 8.
Na3 Bxh2 9. Rxh2 b6 10. Qa4 Ba6 11. Qxa6 Na5 12. Kg1 f5 13. Nb5 Qb8 14. Nh4 Rh7
15. Bf4 Kf7 16. Na3 h5 17. Re1 Kf6 18. Bc4 Nxc4 19. Nxc4 b5 20. Be5+ Kg5 21. Ne3
Qb6 22. Qxb6 cxb6 23. Nexf5 exf5 24. Rf1 Kg4 25. Ra1 a6 26. Rf1 Rh6 27. Rf4+ Kg3
28. Rh3# 1-0

[Event "Challenge"]
[Site "http://www.queenalice.com/game.php?id=118833"]
[Date "2006.10.19"]
[Round "-"]
[White "marina"]
[Black "FrEdd"]
[Result "0-1"]
[WhiteElo "1139"]
[BlackElo "1303"]

1. Nf3 d6 2. Nc3 Nc6 3. e3 Nf6 4. g4 Nxg4 5. Bh3 Nf6 6. Bxc8 Qxc8 7. b3 Qg4 8.
Qe2 g6 9. Qd3 Qxf3 10. e4 Qxh1+ 11. Ke2 Ng4 12. Nd5 Qxh2 13. Kf3 h5 14. Qa6 bxa6
15. d4 Nxd4# 0-1

[Event "Challenge"]
[Site "http://www.queenalice.com/game.php?id=121031"]
[Date "2006.10.25"]
[Round "-"]
[White "Pampuche"]
[Black "marina"]
[Result "1-0"]
[WhiteElo "1346"]
[BlackElo "1062"]

1. e4 Nf6 2. Qf3 Nc6 3. Bc4 e6 4. e5 Nxe5 5. Bb3 Bd6 6. Qg3 b5 7. Qxg7 Bb4 8.
Qxh8+ Ke7 9. Qg7 Bb7 10. c3 Bxg2 11. Qxg2 Neg4 12. cxb4 Nd5 13. Qxg4 Nxb4 14. a3
Kd6 15. axb4 Rb8 16. Nc3 f5 17. Qd4+ 1-0

[Event "Vamos jogar uma?"]
[Site "http://www.queenalice.com/game.php?id=121038"]
[Date "2006.10.25"]
[Round "-"]
[White "Patizinha"]
[Black "marina"]
[Result "1-0"]
[WhiteElo "1422"]
[BlackElo "1051"]

1. e4 Nf6 2. Nc3 e5 3. Nf3 b5 4. Nxb5 Nxe4 5. Qe2 Ba6 6. Qxe4 Bxb5 7. Qxa8 Bxf1
8. Rxf1 Bc5 9. Qd5 Na6 10. Qxe5+ Kf8 11. d4 1-0

[Event "Mais Uma?"]
[Site "http://www.queenalice.com/game.php?id=121040"]
[Date "2006.10.25"]
[Round "-"]
[White "maurojk"]
[Black "marina"]
[Result "1-0"]
[WhiteElo "1421"]
[BlackElo "1053"]

1. e4 Nf6 2. Nc3 c6 3. d4 h5 4. Nf3 e6 5. Bg5 Bd6 6. Bd3 Ba3 7. bxa3 Na6 8. O-O
b6 9. e5 b5 10. exf6 Nb4 11. fxg7 Rg8 12. Bxd8 Kxd8 13. Bh7 Rxg7 14. axb4 Rxh7
15. Ng5 Ba6 16. Nxh7 Kc7 17. a4 bxa4 18. Nxa4 Bxf1 19. Qxf1 a6 20. Nf6 Ra7 21.
Nc5 Rb7 22. Nxa6+ 1-0

[Event "Challenge"]
[Site "http://www.queenalice.com/game.php?id=123948"]
[Date "2006.10.31"]
[Round "-"]
[White "claudiocaire"]
[Black "marina"]
[Result "1-0"]
[WhiteElo "1500"]
[BlackElo "1103"]

1. e4 e5 2. Qf3 Bc5 3. Bc4 Nf6 4. g4 b6 5. g5 Ba6 6. Bxa6 Nc6 7. gxf6 gxf6 8.
Nh3 h5 9. Bc4 Rh6 10. Ng5 fxg5 11. Qxf7# 1-0